| 000 | 00591nam a2200169Ia 4500 | ||
|---|---|---|---|
| 008 | 090201s9999 xx 000 0 und d | ||
| 010 | _aKPL-45947 | ||
| 040 | _bमराठी | ||
| 041 | _aमराठी | ||
| 082 |
_a8371 _b45947 |
||
| 100 | _aशशीकांत तासगावकर | ||
| 245 |
_aघराणं तमासगिराचं _cशशीकांत तासगावकर |
||
| 260 |
_c2004 _bग्रंथाली प्रकाशन |
||
| 300 |
_a115 _bमोठा |
||
| 600 | _aघराणं तमासगिराचं | ||
| 942 | _cBOOK | ||
| 999 |
_c208976 _d208976 |
||